Asking the right questions : case studies in library development consultancy
Αποθηκεύτηκε σε:
| Κύριος συγγραφέας: | |
|---|---|
| Μορφή: | Βιβλίο |
| Γλώσσα: | English |
| Δημοσίευση: |
London ; New York :
Mansell,
1988.
|
| Σειρά: | Information adviser series
|
| Θέματα: | |
| Ετικέτες: |
Προσθήκη ετικέτας
Δεν υπάρχουν, Καταχωρήστε ετικέτα πρώτοι!
|
MARC
| LEADER | 00000cam a2200000 i 4500 | ||
|---|---|---|---|
| 001 | 1/1617 | ||
| 008 | 950712s1988 enk| ||| |||| ||eng|| | ||
| 020 | |a 0720118980 | ||
| 035 | |l 10014507 | ||
| 040 | |a GR-MyUa |b gre |e AACR2 | ||
| 041 | 0 | |a eng | |
| 082 | 7 | |a 023.2 |2 (22) | |
| 100 | 1 | |a Parker, J. Stephen. | |
| 245 | 1 | 0 | |a Asking the right questions : |b case studies in library development consultancy / |c J. Stephen Parker. |
| 260 | |a London ; |a New York : |b Mansell, |c 1988. | ||
| 300 | |a 239 σ. ; |c 23 εκ. | ||
| 490 | 1 | |a (Information adviser series) | |
| 500 | |a Περιλαμβάνει ευρετήριο. | ||
| 650 | 0 | 0 | |a Library consultans |x Case studies. |
| 650 | 0 | 0 | |a International librarianship |x Case studies. |
| 650 | 0 | 0 | |a Information consultants |x Case studies. |
| 650 | 0 | 0 | |a Libraries |z Developing countries |x Case studies. |
| 650 | 0 | 0 | |a Information services |z Developing countries |x Case studies. |
| 650 | 0 | 0 | |a Library science |z Developing countries |x Case studies. |
| 830 | 0 | |a Information adviser series | |
| 852 | |a INST |b LESVOS |e 19950712 |h 023.2 PAR |p 005100007696 |q 005100007696 |t BK |y 0 | ||